Central Library OPAC University of Rajshahi

James Clerk Maxwell, F.R.S. 1831-1879 / (Record no. 72050)

MARC details
000 -LEADER
fixed length control field 00798nkm a2200229 a 4500
001 - CONTROL NUMBER
control field 72050
003 - CONTROL NUMBER IDENTIFIER
rucl marc code BD-RjUL
005 - DATE AND TIME OF LATEST TRANSACTION
control field 20211209082215.0
008 - FIXED-LENGTH DATA ELEMENTS--GENERAL INFORMATION
fixed length control field 170513s1948 e | kneng d
035 ## - SYSTEM CONTROL NUMBER
System control number (BD-RjUL)72266
040 ## - CATALOGING SOURCE
Original cataloging agency DLC
Transcribing agency DLC
Language of cataloging eng
Modifying agency BD-RjUL
041 ## - LANGUAGE CODE
Language code of text/sound track or separate title eng
082 ## - DEWEY DECIMAL CLASSIFICATION NUMBER
Edition number 23
Classification number 530.15
Author mark and year SMJ 1948
100 ## - MAIN ENTRY--PERSONAL NAME
Personal name Smith, R.L.
9 (RLIN) 213100
245 00 - TITLE STATEMENT
Title James Clerk Maxwell, F.R.S. 1831-1879 /
Statement of responsibility, etc. R.L.Smith
260 ## - PUBLICATION, DISTRIBUTION, ETC. (IMPRINT)
Date of publication, distribution, etc. London :
Place of publication, distribution, etc. British Council,
Name of publisher, distributor, etc. 1948.
300 ## - PHYSICAL DESCRIPTION
Pagination 34 p. :
Illustrations ill. ;
Size 22 cm.
500 ## - GENERAL NOTE
General note This record contains unverified, old data from caption card.
540 ## - TERMS GOVERNING USE AND REPRODUCTION NOTE
Terms governing use and reproduction Rights status not evaluated. For general information see "Copyright and Other Restrictions ...,"
Uniform Resource Identifier <a href="http://www.loc.gov/rr/print/195_copr.html">http://www.loc.gov/rr/print/195_copr.html</a>
650 ## - SUBJECT ADDED ENTRY--TOPICAL TERM
Topical term or geographic name as entry element Mathematical Physics
9 (RLIN) 213101
942 ## - ADDED ENTRY ELEMENTS (KOHA)
Source of classification or shelving scheme Dewey Decimal Classification
Koha item type Books
Holdings
Lost status Source of classification or shelving scheme Damaged status Not for loan Collection code Permanent Location Current Location Shelving location Date acquired Source of acquisition Total Checkouts Full call number Date last seen Copy number Koha item type
  Dewey Decimal Classification   Not For Loan Non-fiction Central Library, University of Rajshahi Central Library, University of Rajshahi Reading Room 30/06/1961 British Council   530.15 SMJ 1948 13/05/2017 C-1 Books